MARC

LEADER 00000nam0a2200000 4500
001 366191
005 20231102011846.0
035 |a (RuTPU)RU\TPU\retro\23554 
090 |a 366191 
100 |a 20220202d1979 km y0rusy50 ca 
101 0 |a rus 
102 |a RU 
105 |a y z 001zy 
200 1 |a Имущественные правоотношения в семье  |f Н. М. Ершова  |g Академия наук СССР, Институт государства и права 
210 |a Москва  |c Наука  |d 1979 
215 |a 160 с. 
320 |a Библиография в ссылках 
606 1 |a Семейное право   |x Россия  |2 stltpush  |3 (RuTPU)RU\TPU\subj\54562  |9 72698 
610 1 |a имущество 
610 1 |a имущественные правоотношения 
610 1 |a семья 
610 1 |a супруги 
610 1 |a права 
610 1 |a алименты 
686 |a Х624  |v LBC/SL-A  |2 rubbk 
700 1 |a Ершова  |b Н. М.  |g Наталия Матвеевна 
712 0 2 |a Академия наук СССР  |b Институт государства и права  |c (Москва)  |c (1959-1991)  |2 stltpush  |3 (RuTPU)RU\TPU\col\11358  |9 25063 
801 1 |a RU  |b 63413507  |c 20220202 
942 |c BK